LDR 01060naa#a2200181#i#450# 001 RU\\bibl\126827 005 20260701225254.3 011 ## _a1815-588X 100 ## _a20260630b2026####ek#y0rusy0150####ca 102 ## _aRU 200 1# _aЦифровизация экологического мониторинга строительного производства на основе технологии «Строительный конвейер» _eЖурнальная статья 210 1# _aСанкт-Петербург _cФГБОУ ВО "Петербургский государственный университет путей сообщения Императора Александра I" _d2026 215 ## _a11 с. 608 ## _aЖурнальная статья _2local 675 ## _aИсследование поведения объекта на основе его математической модели. 004.942 _z 700 #1 _aИсламов _gКамиль Фаритович 700 #1 _aКазанская _gЛилия Фаатовна 856 4# _aatjournal.ru _u